000 00798nam a22001935i 4500
001 154531
003 ES-MaACL
005 20230906205751.0
008 040712s1894 ve |||| | spa d
040 _aCAM
_bspa
_cCAM
100 1 _aGonzález, Ezequiel María.
_9127461
245 1 0 _aDiscurso del doctor Ezequiel María González leído en el Ateneo de Caracas en la sesión... del 24 de julio de 1894.
260 _a[Caracas] :
_b[s.n.,
_c1894?] (
_fImprenta Bolívar)
300 _a16 p. ;
_c23 cm.
500 _aDatos tomados de la cub.
594 _aTema del discurso : Conmemoración de la declaración de independencia, 5 de julio 1811.
710 0 _aAteneo de Caracas.
_91860
852 _aES-MaACL
_jT-871-F-12
_z-- Enc. hol., conservando la cub. original
_z-- Enc. en un vol. facticio
999 _c154531
_d154531